UBT Library

Si të shkruajmë shqip : (Record no. 1081)

000 -LEADER
fixed length control field 00569nam a22001937a 4500
008 - FIXED-LENGTH DATA ELEMENTS--GENERAL INFORMATION
fixed length control field 150701b xxu||||| |||| 00| 0 alb d
020 ## - INTERNATIONAL STANDARD BOOK NUMBER
International Standard Book Number 9789928120991
041 0# - LANGUAGE CODE
Language code of text/sound track or separate title alb
080 ## - UNIVERSAL DECIMAL CLASSIFICATION NUMBER
Universal Decimal Classification number 811.18
100 ## - Rafti
Rafti Shkurtaj, Gjovalin;
245 ## - TITLE STATEMENT
Title Si të shkruajmë shqip :
Statement of responsibility, etc Gjovalin Shkurtaj.
260 ## -
-- Tiranë :
-- Toena,
-- 2012.
300 ## -
-- 350 f. ;
-- 23 cm.
650 #0 -
-- Gjuha shqipe
650 #0 -
-- Shkrimi akademik
650 #0 -
-- Drejtshkrimi dhe shqiptimi
650 #0 -
-- Përdorimi dhe pastërtia e gjuhës
942 ## - ADDED ENTRY ELEMENTS (KOHA)
Source of classification or shelving scheme
Item type Books
Holdings
Withdrawn status Lost status Source of classification or shelving scheme Damaged status Not for loan Collection code Permanent location Current location Shelving location Date acquired Total Checkouts Full call number Date last seen Price effective from Koha item type
          Koleksioni i përgjithshem UBT - Prishtine UBT - Prishtine Koleksioni i përgjithshem 07/01/2015   811.18 SHK 07/01/2015 07/01/2015 Books
UBT Library © 2015-2024. All rights reserved University Education for Business and Technology